Statistics for Netherlands Euro 2020 Squad

Click here to take the quiz!

General Stats

  • This quiz has been taken 1,313 times
    (1,004 since last reset)
  • The average score is 14 of 26

Answer Stats

#PositionPlayer% Correct
10FWMemphis Depay
92%
21MFFrenkie de Jong
91%
9FWLuuk de Jong
91%
3DFMatthijs de Ligt
87%
8MF ©Georginio Wijnaldum
78%
22DFDenzel Dumfries
75%
ManagerFrank de Boer
75%
17DFDaley Blind
74%
6DFStefan de Vrij
68%
1GKMaarten Stekelenburg
61%
19FWWout Weghorst
59%
4DFNathan Aké
55%
13GKTim Krul
55%
7FWSteven Berghuis
53%
15MFMarten de Roon
49%
18FWDonyell Malen
44%
25MFJurriën Timber
44%
26FWCody Gakpo
43%
14MFDavy Klaassen
43%
16MFRyan Gravenberch
34%
5DFOwen Wijndal
32%
11MFQuincy Promes
32%
24MFTeun Koopmeiners
32%
12DFPatrick van Aanholt
31%
23GKMarco Bizot
25%
2DFJoël Veltman
23%

Score Distribution

Percentile by Number Answered

Percent of People with Each Score

Your Score History

You have not taken this quiz since the last reset